| 000 | 00378 a2200145 4500 | ||
|---|---|---|---|
| 001 | 92682 | ||
| 082 | _a621.3848 RIC | ||
| 090 |
_c44535 _d44536 |
||
| 100 | _aMarck A Richards | ||
| 245 | _aFundamentals of radar signal processing | ||
| 260 |
_aNY _bMcGraw Hill _c2005 |
||
| 300 | _axxviii, 513 p. | ||
| 500 | _aMS textbook Avionics | ||
| 520 | _aradar-signal processing | ||
| 942 |
_aNUST-CAE _k621.3848 RIC |
||
| 999 |
_c327755 _d327755 |
||